00434 2200169 4500001002100000005001500021035002000036245005100056100001500107250001700122300003200139260003100171082001000202084001600212020002200228650001400250INLIS00000000000055520240821072642 a0010-08240000731 aMembuat Kerajinan Tangan Sendiri /cAhmad Said0 aAhmad Said acetakan ke-1 aiv, 99 hlm :bIlus ;c23 cm aJakarta :bJP Books,c2007 a745.5 a745.5 AHM m a978-979-3487-85-4 4aKerajinan